El mundo nanométrico : la dimensión del nuevo siglo /

Introducción a la ciencia e ingeniería de la nanotecnología, donde se explica el comportamiento inteligente de los átomos y cómo el reconocimiento atómico se aplica a la biología, la energía y la electrónica.

Salvato in:
Dettagli Bibliografici
Autore principale: Toma, Henrique E. (autor)
Altri autori: Silva, Cylon Gonçalves da (presentación) (presentación)
Natura: Libro
Lingua:portoghese
Pubblicazione: México : Siglo XXI, 2014, c2014
Edizione:2a edición
Soggetti:
Tags: Aggiungi Tag
Nessun Tag, puoi essere il primo ad aggiungerne!!

MARC

LEADER 00000nam^a2200000^a^4500
001 000395707
005 20250521000000.0
009 20260310121409.559
020 |a 978-607-03-0569-6 
037 |a Acervo ITESO - Biblioteca 
041 |a POR 
082 |a 620. 5  |b TOM 
100 |a Toma, Henrique E.  |e (autor) 
245 1 3 |a El mundo nanométrico :  |b la dimensión del nuevo siglo /  |c H.E. Toma ; presen. de C.G. da Silva ; tr. por Sonia Radaelli. 
250 |a 2a edición  |b revisada y aumentada 
264 4 |a México :  |b Siglo XXI,  |c 2014, c2014 
300 |a 132 p. 
336 |a texto  |b txt  |2 rdacontenido 
337 |a sin mediación  |b n  |2 rdamedio 
338 |a volumen  |b nc  |2 rdasoporte 
500 |a Traducción de: O mundo nanométrico: a dimensão do novo século 
520 |a Introducción a la ciencia e ingeniería de la nanotecnología, donde se explica el comportamiento inteligente de los átomos y cómo el reconocimiento atómico se aplica a la biología, la energía y la electrónica. 
649 |a XX 
650 |a Electrónica Molecular 
650 |a Nanotecnología -  |x Tema Principal 
650 |a Biotecnología 
650 |a Energía Eléctrica 
650 |a Tecnología 
650 |a Ingeniería 
700 |a Silva, Cylon Gonçalves da  |e (presentación) 
910 |a Fondo General 
920 |a Impresos - Libros 
930 |a Colección General 
905 |a 101 
901 |a 0500291059  |b IT1  |c ACC  |i C144155  |u 20250521 
902 |a https://opac.biblio.iteso.mx/vufind/Record/000395707